000 nam a22 a 4500
999 _c431175
_d431175
003 BLK
005 20210907114843.0
008 180408b bul|||||r ||||||| ||bul||
040 _aBLK
041 _aBUL
_cBUL
080 _aТрета българска държава (от 1878)
_b94(497.2)"1878..."
_z94(497.2)"1878..."
100 1 _aМатов, Христо Апостолов
_eпърви автор
_9278852
139 _aМатов, Христо Апостолов
_bМ 40
245 1 0 _aСръбските претенции в Западна България
_cДримколов
257 _aBGR
260 _aСофия
_bД-во Св. Климент
_c1897
_9463982
300 _a16с.
_c20 см
380 _a9
490 _9435080
_aКолекция Редки и ценни издания
500 _aДримколов псевд. на Христо Матов
650 0 _aИстория
_9396464
650 4 _aРеволюционни, национални и народоосвободителни движения - България
_9266998
651 0 _9246252
_aЗападна България
653 0 _aсръбски претенции
_9463983
653 0 _aбългарски територии
_9463984
852 _aРб 897
_bРц
856 4 _qpdf
856 4 _qpdf
942 _cKNG
_n0
_s1
944 _aCR
_c2021-09-07
_kК.Д.